LEADER 03082nam 2200793Ia 450 001 9910974876303321 005 20251117115859.0 010 $a9781134848294 010 $a1134848293 010 $a9781134848300 010 $a1134848307 010 $a9781280105142 010 $a1280105143 010 $a9780203005729 010 $a0203005724 024 7 $a10.4324/9780203005729 035 $a(CKB)1000000000001733 035 $a(EBL)179768 035 $a(OCoLC)54786403 035 $a(SSID)ssj0000278205 035 $a(PQKBManifestationID)11225412 035 $a(PQKBTitleCode)TC0000278205 035 $a(PQKBWorkID)10245985 035 $a(PQKB)11634357 035 $a(SSID)ssj0000129812 035 $a(PQKBManifestationID)11134877 035 $a(PQKBTitleCode)TC0000129812 035 $a(PQKBWorkID)10080169 035 $a(PQKB)11706743 035 $a(MiAaPQ)EBC179768 035 $a(Au-PeEL)EBL179768 035 $a(CaPaEBR)ebr10017056 035 $a(CaONFJC)MIL10514 035 $a(OCoLC)826514564 035 $a(EXLCZ)991000000000001733 100 $a19940412e19991969 uy 0 101 0 $aeng 135 $aur|n|---||||| 181 $ctxt$2rdacontent 182 $cc$2rdamedia 183 $acr$2rdacarrier 200 10$aContent and consciousness /$fby D.C. Dennett 205 $a2nd ed. 210 $aLondon ;$aNew York $cRoutledge$d1999 215 $a1 online resource (155 p.) 225 1 $aInternational library of philosophy 300 $aOriginally published: Routledge and K. Paul, 1969. 311 08$a9781138153349 311 08$a1138153346 311 08$a9780415104319 311 08$a0415104319 320 $aIncludes bibliographical references and index. 327 $aBook Cover; Title; Contents; PREFACE TO SECOND EDITION page; PREFACE TO FIRST EDITION page; The Mind and Science; Existence and Identity; The Problem of Intentionality; Two Blind Alleys; The Way Out; The Intelligent Use of Information; The Evolution of Appropriate Structures; Goal-directed Behaviour; Function and Content; Language and Content; Personal and Sub-Personal Levels of Explanation: Pain; The Certainty of Certain Utterances; A Perceiving Machine; The Ordinary Words; Awareness and Control; Consciousness; The Nature of Images and the Introspective Trap; Colours; People and Processes 327 $aReasons and CausesIntentional Actions; Willing; The Importance of Intentional Actions; Knowing and Understanding; Language and Information; Conclusions 330 $aIn this pioneering book, Daniel Dennett sets out clearly what he believed constituted a genuine analysis of the mind. 410 0$aInternational library of philosophy. 606 $aConsciousness 606 $aMind and body 615 0$aConsciousness. 615 0$aMind and body. 676 $a126 700 $aDennett$b D. C$g(Daniel Clement)$0143804 801 0$bMiAaPQ 801 1$bMiAaPQ 801 2$bMiAaPQ 906 $aBOOK 912 $a9910974876303321 996 $aContent and consciousness$929280 997 $aUNINA